01146nam a2200289Ia 4500003001000000005001700010007000300027008004100030020001800071040003500089041000800124082001700132100001500149245011400164250001800278264002500296300006800321336002700389337003300416338002800449500017500477505008200652650003400734650002800768650001900796700004100815CO-BoRNBP20250605152028.0ta180109s9999 xx 000 0 und d a9788479029319 aCO-BoRNBPbspaerdacCO-BoRNBP aspa0 a736.982 S65d1 aSong, Sok,10aDoblar y marcar :bel arte de la papiroflexia para todos /cSok Song ; traducción Fernando Gilgado Gómez. a1a. edición 1aMadrid :bTutor;2012 a159 páginas :bilustraciones, fotografías en color ;c28 cm atextobtxt2rdacontent asin mediaciónbn2rdamedia avolumenbnc2rdacarrier aEn carátula: 40 modelos de papiroflexia, pequeños, medianos y grandes, innovadores y divertidos con claras instrucciones paso a paso. \ Incluye índice alfabético.0 aPapiroflexia básica Modelos pequeños Modelos medianos Modelos grandes.04aPapiroflexia - Tecnicas2LEMB00aTrabajos en papel2LEMB00aLibertad2LEMB1 aGilgado Gómez, Fernando, traductor